Statistics for African Cities over 1 Million Population

Click here to take the quiz!

General Stats

  • This quiz has been taken 1,427 times
    (511 since last reset)
  • The average score is 53 of 76

Answers on the Map

Answers color-coded by a green-red scale on the quiz's map according to % correct below.
 

Answer Stats

Pop. (K)City% Correct
20,296Cairo
99%
16,637Lagos
97%
2,529Tunis
97%
4,712Alexandria
96%
4,448Cape Town
96%
14,586Johannesburg-Pretoria
96%
5,889Addis Ababa
95%
3,779Algiers
95%
12,836Kinshasa
95%
1,953Rabat
95%
3,775Dakar
94%
6,599Nairobi
94%
1,258Tripoli
94%
4,314Casablanca
93%
7,869Khartoum
93%
9,051Luanda
93%
7,962Dar es Salaam
91%
2,104Mogadishu
91%
3,770Abuja
90%
5,431Accra
90%
2,721Antananarivo
90%
2,885Harare
89%
4,014Bamako
88%
5,407Kampala
88%
1,458Freetown
87%
3,270Lusaka
87%
2,553Maputo
87%
1,060Kigali
86%
5,417Abidjan
85%
1,745Monrovia
85%
4,603Yaounde
85%
2,061Brazzaville
83%
1,743N'Djamena
83%
3,831Ouagadougou
83%
3,318Durban
82%
2,973Conakry
81%
4,817Kano
81%
1,378Lilongwe
81%
1,304Fes
80%
2,695Lome
80%
1,354Mombasa
80%
1,487Niamey
80%
1,498Nouakchott
80%
1,231Bangui
77%
1,059Banjul
77%
1,255Port Elizabeth
74%
3,846Ibadan
72%
1,335Oran
71%
1,156Tangier
71%
3,629Douala
69%
2,028Benin City
68%
2,637Port Harcourt
66%
1,265Bujumbura
63%
1,726Cotonou
61%
2,753Lubumbashi
60%
4,257Kumasi
58%
1,050Agadir
48%
3,682Mbuji-Mayi
45%
1,098Hargeisa
44%
1,058Blantyre
42%
1,349Aba
40%
1,972Kaduna
37%
1,266Maiduguri
33%
1,068Bobo-Dioulasso
31%
7,022Onitsha
31%
1,231Enugu
28%
1,091Mwanza
28%
1,335Ilorin
27%
1,019Touba
27%
1,266Warri
24%
1,145Lubango
20%
1,161Nyala
20%
1,579Bukavu
19%
1,190Uyo
17%
1,138Nsukka
13%
1,148Bunia
12%

Score Distribution

Percentile by Number Answered

Percent of People with Each Score

Your Score History

You have not taken this quiz since the last reset